Vendée - mort subite - Statistiques

Statistiques générales
  • Ce quiz a été pris 44 fois
  • Le résultat moyen est 12 sur 18
Answers on the Grid
Answers color-coded by a green-red scale on the quiz's grid according to % correct below.
Le site de la Guerre de Vendée
L'ancienne Napoléonville
Bourges
Challans
Montaigu-Vendée
Noirmoutier
La Roche-sur-Yon
Aizenay
Les deux Sèvres
Fontenay-le-Comte
Sittwe
Forage de Kola
Salerne
Le lieu de naissance d'Aliénor d'Aquitaine
Gävle
De l'ancien territoire hollandais
Japet
Guipavas
Reuilly
Villefranche-sur-Mer
Le Mamoré
Luçon
Saint-Maur-des-Fossés
Les Sables-d'Olonne
Drancy
Colombes
Saint-Hilaire-de-Riez
Dalat
Les Herbiers
Marais Poitevin
Gobelins
Xanton-Chassenon
Issy-les-Moulineaux
Essarts-en-Bocage
Cergy
Mamoudzou
 
Statistiques - réponses
Réponse % Correct
La Roche-sur-Yon
95%
Les Herbiers
88%
Les Sables-d'Olonne
88%
Luçon
83%
Île Noirmoutier
83%
200 000 sont morts (1793-96) Le site de la Guerre de Vendée
80%
Montaigu-Vendée
80%
Challans
78%
Fontenay-le-Comte
78%
Essarts-en-Bocage
73%
Saint-Hilaire-de-Riez
73%
Aizenay
70%
La Roche-sur-Yon L'ancienne Napoléonville
68%
Marais Poitevin
65%
Le lieu de naissance d'Aliénor d'Aquitaine
40%
Xanton-Chassenon
38%
Noirmoutiers (juillet 1674) De l'ancien territoire hollandais
25%
Les deux Sèvres
20%
Aucun quiz correspondant
Distribution des résultats
% des personnes avec chaque résultat
Percentile par nombre de réponses
Votre historique - résultats
Vous n’avez pas pris ce quiz